000 00697nam a2200229 a 4500
001 20218
003 CO-ViMGA
008 141112s2004 ck r 000 u spa d
020 _a9682449332
040 _aCO-ViMGA
_bspa
_cCO-ViMGA
082 0 4 _a616.8588 S547m
100 1 _aSmith, Romayne
_929240
245 1 0 _aNiños con retraso mental :
_bguía para padres, terapeutas y educadores
260 _aMexico :
_bTrillas,
_c1999
300 _a430 p. il.
590 _aForma de adquisición : Premio Mincultura
650 1 4 _aDEFICIENCIA MENTAL
_98794
650 1 4 _aDISCAPACIDAD EN EL APRENDIZAJE
_929241
650 1 4 _aNIÑOS DEBILES MENTALES
_929242
650 1 4 _aPADRES E HIJOS
942 _2ddc
_cBK
999 _c29265
_d29265